000 00320nam a22001337a 4500
020 _a81-7709-762-8
082 _a825
_bSIN/F
100 _aAK SINGH
245 _aFOUNDATION SCIENCE CHEMISTRY
_bFOR CLASS IX
260 _aDELHI
_bBHARATI BHAWAN
_c2008
300 _a196
650 _aCHEMISTRY FOR CLAA IX
_zINDIA
942 _cBK
999 _c908
_d908